000 00584nam a22002052 4500
001 0000023608
005 20151217152245.0
008 130311s xx 000 0 eng d
020 _a8121935261 :
040 _aKABU
_cKABU
100 1 _aSingh, Sadhu.
_@0000183002
245 1 0 _aPrinciples of mechanical engineering /
_cSadhu Singh.
250 _a1st ed.
260 _aNew Delhi :
_bS. Chand.
300 _axviii, 652 p.
650 0 _aMechanical engineering.
_@0000049184
852 1 _9p2184 KES
908 _a130311
950 _@1
999 _c9886
_d9886